| 000 | 01179nam a2200325 i 4500 | ||
|---|---|---|---|
| 003 | EG-GICUC | ||
| 005 | 20260121101431.0 | ||
| 008 | 251205s1964 ua ||||fr|||| 000 0 ara d | ||
| 040 |
_a EG-GICUC _bara _c EG-GICUC _d EG-GICUC _erda |
||
| 041 | 0 | _aara | |
| 082 | 0 | 4 |
_221 _a343.3 _bم ح . ش |
| 092 | 0 | 4 | _221 |
| 099 | _aLaw1 10 343.3 م ح . ش 9 ed - 1964 | ||
| 100 | 0 |
_aمحمود محمود مصطفى. _eمؤلف. |
|
| 245 | 1 | 0 |
_aشرح قانون الإجراءات الجنائية / _cمحمود محمود مصطفى. |
| 250 | _aالطبعةالتاسعة | ||
| 264 | 1 |
_aالقاهرة : _bدار ومطابع الشعب، _c1964. |
|
| 300 |
_a623 صفحة ؛ _c24 سم. |
||
| 336 |
_2rda content _atext |
||
| 337 |
_2rda media _aComputer |
||
| 338 |
_2rda carrier _aOnline Resource |
||
| 504 | _a. 240-220 ببليوجرافيا: صفحات. | ||
| 546 | _aالنص باللغة العربية | ||
| 650 | 1 | 4 |
_a قانون الإجراءات الجنائية _2qrmak |
| 650 | 1 | 4 |
_aالقانون الجنائي _2qrmak |
| 651 | 1 | _2qrmak | |
| 856 | 4 | 0 | _uhttps://fll.law.cu.edu.eg/fulltext/bks/B10-05726.pdf |
| 905 |
_a77 _eHassnaa |
||
| 942 |
_2ddc _cBK _e21 _n0 |
||
| 999 |
_c48444 _d48444 |
||